[Event "Montcalm 5 2024-25"]
[Site "Quebec CAN"]
[Date "2025.02.27"]
[Round "2"]
[White "Miskic, Zdenko"]
[Black "Pouliot, Lewis"]
[Result "1-0"]
[WhiteElo "1582"]
[BlackElo "1451"]
[WhiteFideId "-1"]
[WhiteFideId "-1"]
[PlyCount "121"]
[GameId "2150702741494503"]
[EventDate "2025.02.20"]
[EventType "swiss"]
[EventRounds "5"]
[EventCountry "CAN"]

1. e4 c5 2. Bc4 e6 3. d3 d5 4. exd5 exd5 5. Bb3 Be6 6. c3 Nf6 7. Nf3 Be7 8. O-O h6 9. Re1 O-O 10. h3 Nc6 11. Bf4 Bd6 12. Qc1 Bxf4 13. Qxf4 Nh5 14. Qe3 b6 15. d4 cxd4 16. Nxd4 Nxd4 17. Qxd4 Rc8 18. Nd2 Nf6 19. Nf3 Qc7 20. Rad1 Rfd8 21. Ne5 Nd7 22. Ng6 Nf6 23. Nf4 Re8 24. Nxd5 Nxd5 25. Bxd5 Rcd8 26. c4 b5 27. b3 bxc4 28. Qxc4 Qxc4 29. bxc4 Bxd5 30. Rxe8+ Rxe8 31. Rxd5 Kf8 32. Rd7 Rc8 33. Rxa7 Rxc4 34. a4 g5 35. a5 Ra4 36. a6 Kg7 37. Ra8 Ra1+ 38. Kh2 Ra2 39. f3 h5 40. h4 g4 41. fxg4 hxg4 42. a7 Ra4 43. Kg3 f5 44. h5 Kh7 45. Kh4 Ra5 46. Rf8 Rxa7 47. Rxf5 Ra4 48. g3 Kh6 49. Rf6+ Kg7 50. Rg6+ Kh7 51. Rxg4 Rxg4+ 52. Kxg4 Kh6 53. Kh4 Kg7 54. Kg5 Kh7 55. g4 Kg7 56. Kf5 Kh6 57. Kf6 Kh7 58. g5 Kg8 59. h6 Kh8 60. g6 Kg8 61. g7 1-0

[Event "Montcalm 5 2024-25"]
[Site "Quebec CAN"]
[Date "2025.02.27"]
[Round "2"]
[White "Oliver, Vance"]
[Black "Tremblay, Noah"]
[Result "1/2-1/2"]
[WhiteElo "1439"]
[BlackElo "1581"]
[WhiteFideId "-1"]
[WhiteFideId "-1"]
[PlyCount "74"]
[GameId "2150702741494504"]
[EventDate "2025.02.20"]
[EventType "swiss"]
[EventRounds "5"]
[EventCountry "CAN"]

1. e4 e5 2. Nf3 Nc6 3. Bb5 Nf6 4. O-O Nxe4 5. d4 Nd6 6. Bxc6 dxc6 7. dxe5 Nf5 8. Qxd8+ Kxd8 9. Bg5+ Ke8 10. Rd1 Be6 11. Nc3 h6 12. Bf4 g5 13. Bg3 Bg7 14. Rd2 Nxg3 15. hxg3 g4 16. Nd4 Bxe5 17. Re1 Bxd4 18. Rxd4 h5 19. Ne4 b6 20. Ng5 Rh6 21. Rf4 Ke7 22. Rxf7+ Kd6 23. Ne4+ Kd5 24. Rxc7 Bf5 25. Re7 Re6 26. Rxe6 Kxe6 27. Nc5+ Kf6 28. Ne4+ Kg6 29. f3 Rd8 30. Kf2 c5 31. a3 Rd7 32. Re3 Rd4 33. c3 Rd7 34. b4 Rd1 35. Re1 Rd3 36. Re3 Rd1 37. Re1 Rd3 1/2-1/2

[Event "Montcalm 5 2024-25"]
[Site "Quebec CAN"]
[Date "2025.02.27"]
[Round "2"]
[White "Poliquin, Yvon"]
[Black "Fecteau, Martin"]
[Result "0-1"]
[WhiteElo "1875"]
[BlackElo "1726"]
[WhiteFideId "-1"]
[WhiteFideId "-1"]
[PlyCount "106"]
[GameId "2150702741486302"]
[EventDate "2025.02.20"]
[EventType "swiss"]
[EventRounds "5"]
[EventCountry "CAN"]

1. e4 g6 2. d4 Bg7 3. Nf3 d6 4. Bc4 e6 5. O-O Ne7 6. Qe2 O-O 7. e5 dxe5 8. dxe5 Bd7 9. Rd1 Qe8 10. Bf4 Bc6 11. Nc3 Bxf3 12. Qxf3 Nbc6 13. Qe2 a6 14. a3 Rd8 15. Rxd8 Qxd8 16. Rd1 Qc8 17. Ne4 Nxe5 18. Bxe5 Bxe5 19. Ng5 Nc6 20. c3 h6 21. Nh3 Rd8 22. f4 Rxd1+ 23. Qxd1 Bd6 24. g3 Qd8 25. Kg2 Qf6 26. Nf2 Qf5 27. Qf3 Qc2 28. Qe2 Qxe2 29. Bxe2 Ne7 30. Ne4 f5 31. Nd2 a5 32. b4 Nd5 33. Nb1 b6 34. Kf3 Kf7 35. c4 Nf6 36. c5 Be7 37. cxb6 cxb6 38. bxa5 bxa5 39. a4 g5 40. Nd2 gxf4 41. gxf4 Bd6 42. Nc4 Bc7 43. Ne3 Ne4 44. Nc4 Nc3 45. Bf1 Nxa4 46. Na3 Nc3 47. Nb5 Nd5 48. Bc4 Bb8 49. Nd4 Kf6 50. Nc6 Bc7 51. Nd4 Nxf4 52. Nb5 Bb8 53. Nc3 Nh3 0-1

[Event "Montcalm 5 2024-25"]
[Site "Quebec CAN"]
[Date "2025.02.27"]
[Round "2"]
[White "Pregent, Daniel"]
[Black "Yergeau, Samuel"]
[Result "1-0"]
[WhiteElo "1686"]
[BlackElo "1246"]
[WhiteFideId "-1"]
[WhiteFideId "-1"]
[PlyCount "63"]
[GameId "2150702741494501"]
[EventDate "2025.02.20"]
[EventType "swiss"]
[EventRounds "5"]
[EventCountry "CAN"]

1. d4 Nf6 2. Nf3 e6 3. c4 Bb4+ 4. Nbd2 b6 5. a3 Bxd2+ 6. Bxd2 Bb7 7. e3 d6 8. Bd3 Nbd7 9. O-O Ne4 10. Qc2 f5 11. b4 Nxd2 12. Nxd2 Qg5 13. e4 Nf6 14. Rae1 O-O 15. Re3 f4 16. Rh3 Rae8 17. Nf3 Qg6 18. e5 Be4 19. Nh4 Bxd3 20. Nxg6 Bxc2 21. Nxf8 Rxf8 22. exf6 Rxf6 23. Rc3 Bf5 24. c5 bxc5 25. bxc5 d5 26. Rb3 Rg6 27. f3 a6 28. Kf2 h5 29. Rb7 c6 30. Re1 h4 31. h3 Bd3 32. Re7 1-0

[Event "Montcalm 5 2024-25"]
[Site "Quebec CAN"]
[Date "2025.03.06"]
[Round "3"]
[White "Barrera, Eduardo"]
[Black "Duguay-Piron, Simon"]
[Result "1-0"]
[WhiteElo "1717"]
[BlackElo "1912"]
[WhiteFideId "-1"]
[WhiteFideId "-1"]
[PlyCount "111"]
[GameId "2153228012716126"]
[EventDate "2025.02.20"]
[EventType "swiss"]
[EventRounds "5"]
[EventCountry "CAN"]

1. e4 c5 2. Nf3 Nc6 3. d4 cxd4 4. Nxd4 g6 5. Nc3 Bg7 6. Be3 Nf6 7. f3 O-O 8. Qd2 d5 9. exd5 Nxd5 10. Nxc6 bxc6 11. Bd4 e5 12. Bc5 Re8 13. Ne4 Qc7 14. Bc4 Rd8 15. O-O Nb6 16. Qe2 Nxc4 17. Qxc4 Be6 18. Qe2 h6 19. Rfd1 Qa5 20. Rxd8+ Rxd8 21. b4 Qc7 22. Rd1 f5 23. Rxd8+ Qxd8 24. Nd6 a5 25. a3 axb4 26. axb4 Qa8 27. Qe1 Qa2 28. c3 Bd5 29. Qf1 Bf8 30. Nb7 e4 31. Bxf8 Kxf8 32. fxe4 Bxe4 33. Nd6 Kg7 34. Nxe4 fxe4 35. Qe1 Qc2 36. Qe3 g5 37. h3 Kf6 38. Qf2+ Qxf2+ 39. Kxf2 Ke5 40. c4 Kd4 41. b5 e3+ 42. Ke2 Kc5 43. bxc6 Kxc6 44. Kxe3 Kc5 45. Kd3 h5 46. g4 hxg4 47. hxg4 Kd6 48. Kd4 Kc6 49. c5 Kd7 50. Kd5 Kc7 51. c6 Kc8 52. Ke6 Kc7 53. Kf6 Kxc6 54. Kxg5 Kd7 55. Kh6 Ke8 56. Kh7 1-0

[Event "Montcalm 5 2024-25"]
[Site "Quebec CAN"]
[Date "2025.03.06"]
[Round "3"]
[White "Bergeron, Nicolas"]
[Black "Michaud, Jacques"]
[Result "1-0"]
[WhiteElo "1758"]
[BlackElo "1487"]
[WhiteFideId "-1"]
[WhiteFideId "-1"]
[PlyCount "71"]
[GameId "2153228012769380"]
[EventDate "2025.02.20"]
[EventType "swiss"]
[EventRounds "5"]
[EventCountry "CAN"]

1. e4 c5 2. Nf3 d6 3. d4 cxd4 4. Nxd4 Nf6 5. Nc3 e6 6. g4 a6 7. h4 e5 8. Nf5 g6 9. Ne3 Nc6 10. g5 Nh5 11. Ned5 Be6 12. Be2 Bxd5 13. Nxd5 Bg7 14. Bxh5 gxh5 15. Be3 Qa5+ 16. c3 Qd8 17. Bb6 Qc8 18. Nc7+ Ke7 19. Nxa8 Qxa8 20. Qxh5 Nd8 21. O-O-O Ne6 22. Qe2 Qc8 23. Kb1 Qc6 24. Ba5 Nc5 25. f3 b6 26. Bb4 a5 27. Bxc5 bxc5 28. Rd5 Rd8 29. Qd2 Ke6 30. f4 exf4 31. Qxf4 Ke7 32. Rf1 Qe8 33. Rf5 Qb5 34. Rxf7+ Ke8 35. Rxg7 Qd3+ 36. Ka1 1-0

[Event "Montcalm 5 2024-25"]
[Site "Quebec CAN"]
[Date "2025.03.06"]
[Round "3"]
[White "Boissinot, Claude"]
[Black "Oliver, Vance"]
[Result "1/2-1/2"]
[WhiteElo "1466"]
[BlackElo "1439"]
[WhiteFideId "-1"]
[WhiteFideId "-1"]
[PlyCount "70"]
[GameId "2153228012769385"]
[EventDate "2025.02.20"]
[EventType "swiss"]
[EventRounds "5"]
[EventCountry "CAN"]

1. e4 d6 2. d4 Nf6 3. Nc3 g6 4. f4 Bg7 5. Nf3 O-O 6. Bc4 Nxe4 7. Bxf7+ Rxf7 8. Nxe4 Bf5 9. Ng3 Bg4 10. c3 Na6 11. O-O c5 12. h3 Bd7 13. Ng5 Rf8 14. Qb3+ e6 15. d5 Nc7 16. dxe6 c4 17. Qxb7 Nxe6 18. Nxe6 Bxe6 19. Re1 Rf7 20. Qf3 Bd7 21. Be3 Rb8 22. Re2 Rxb2 23. Bd4 Bxd4+ 24. cxd4 Qb6 25. Qe3 Rxe2 26. Nxe2 Qb2 27. Rc1 Qxa2 28. Ng3 Bc6 29. Ne2 Bd5 30. Rf1 Kf8 31. f5 gxf5 32. Qh6+ Kg8 33. Qg5+ Kf8 34. Qd8+ Kg7 35. Qg5+ Kf8 1/2-1/2

[Event "Montcalm 5 2024-25"]
[Site "Quebec CAN"]
[Date "2025.03.06"]
[Round "3"]
[White "Bourassa, Louis"]
[Black "Bourassa, Samuel"]
[Result "1-0"]
[WhiteElo "1486"]
[BlackElo "2044"]
[WhiteFideId "-1"]
[WhiteFideId "-1"]
[PlyCount "81"]
[GameId "2153228012716128"]
[EventDate "2025.02.20"]
[EventType "swiss"]
[EventRounds "5"]
[EventCountry "CAN"]

1. Nf3 Nf6 2. g3 g6 3. b3 Bg7 4. Bb2 d5 5. c4 c6 6. Bg2 O-O 7. O-O Nbd7 8. d4 Ne4 9. Nbd2 f5 10. Qc2 Ndf6 11. e3 Bd7 12. Nxe4 fxe4 13. Nd2 Bf5 14. Qd1 Qd7 15. Re1 Bh3 16. f3 Bxg2 17. Kxg2 Qe6 18. Qc2 Rf7 19. fxe4 dxe4 20. h3 Bh6 21. Re2 Raf8 22. Rd1 Bg5 23. d5 cxd5 24. Bxf6 Rxf6 25. cxd5 Qa6 26. Nxe4 Rf5 27. Nxg5 Rxg5 28. e4 h5 29. e5 Rd8 30. Qc4 b5 31. Qc7 Rf8 32. Qxe7 Rgf5 33. Qb4 h4 34. Qxh4 Qc8 35. Rdd2 Qc1 36. Qd4 Qf1+ 37. Kh2 Qf3 38. e6 Rg5 39. Rg2 Rff5 40. d6 Rd5 41. Qf2 1-0

[Event "Montcalm 5 2024-25"]
[Site "Quebec CAN"]
[Date "2025.03.06"]
[Round "3"]
[White "Fecteau, Martin"]
[Black "Drolet, Stephane"]
[Result "1-0"]
[WhiteElo "1726"]
[BlackElo "2038"]
[WhiteFideId "-1"]
[WhiteFideId "-1"]
[PlyCount "61"]
[GameId "2153228012716125"]
[EventDate "2025.02.20"]
[EventType "swiss"]
[EventRounds "5"]
[EventCountry "CAN"]

1. e4 Nc6 2. d4 d5 3. e5 f6 4. f4 Nh6 5. c3 Bf5 6. Nf3 Qd7 7. Be2 Be4 8. Nbd2 Nf5 9. Nf1 e6 10. Ne3 Nxe3 11. Bxe3 f5 12. b4 Bxb4 13. cxb4 Nxb4 14. Kf2 O-O 15. a3 Nc6 16. Rf1 Nd8 17. Kg1 b6 18. Rc1 c6 19. Ng5 Rc8 20. Nxe4 fxe4 21. Bg4 g6 22. Bh3 Nb7 23. Qg4 Rf5 24. Qe2 Rf7 25. Qg4 Rf5 26. Qh4 Rf7 27. g4 c5 28. f5 exf5 29. gxf5 gxf5 30. Kh1 Rc6 31. Bxf5 1-0

[Event "Montcalm 5 2024-25"]
[Site "Quebec CAN"]
[Date "2025.03.06"]
[Round "3"]
[White "Fortin, Claude"]
[Black "Dube, Dominic"]
[Result "0-1"]
[WhiteElo "1470"]
[BlackElo "1841"]
[WhiteFideId "-1"]
[WhiteFideId "-1"]
[PlyCount "96"]
[GameId "2153228012769382"]
[EventDate "2025.02.20"]
[EventType "swiss"]
[EventRounds "5"]
[EventCountry "CAN"]

1. e4 c6 2. d4 d5 3. exd5 cxd5 4. Nf3 Bg4 5. Be2 Nc6 6. O-O e6 7. c3 Bd6 8. Nbd2 Nge7 9. Ne1 h5 10. Bxg4 hxg4 11. g3 f5 12. f4 gxf3 13. Ndxf3 Ng6 14. Bg5 Qc7 15. Qe2 Kd7 16. Nd3 b6 17. Rae1 Rae8 18. Nde5+ Ncxe5 19. Nxe5+ Nxe5 20. dxe5 Bc5+ 21. Kg2 Qc6 22. Qf3 a5 23. h4 g6 24. Rd1 Qa4 25. Qd3 Kc6 26. a3 Qb3 27. Rd2 b5 28. Rf4 Rb8 29. Bf6 Rh7 30. Qc2 Qxc2 31. Rxc2 Be7 32. Bxe7 Rxe7 33. Rd2 Kc5 34. b4+ axb4 35. axb4+ Kb6 36. Ra2 Rc8 37. Ra3 Rec7 38. Rf3 Rc4 39. Re3 d4 40. cxd4 Rxd4 41. Red3 Rcd8 42. Rdb3 Re4 43. Re3 Rdd4 44. Rxe4 Rxe4 45. Ra8 Kc6 46. Rg8 Rg4 47. Kf3 Kd5 48. Rb8 Rxb4 0-1

[Event "Montcalm 5 2024-25"]
[Site "Quebec CAN"]
[Date "2025.03.06"]
[Round "3"]
[White "Gaulin, Gaetan"]
[Black "Pregent, Daniel"]
[Result "1-0"]
[WhiteElo "1894"]
[BlackElo "1686"]
[WhiteFideId "-1"]
[WhiteFideId "-1"]
[PlyCount "93"]
[GameId "2153228012716129"]
[EventDate "2025.02.20"]
[EventType "swiss"]
[EventRounds "5"]
[EventCountry "CAN"]

1. d4 Nf6 2. c4 e6 3. Nf3 b6 4. g3 Bb7 5. Bg2 d5 6. O-O Be7 7. Nc3 O-O 8. Ne5 c6 9. b3 Nbd7 10. f4 Qc7 11. Bb2 Rad8 12. cxd5 cxd5 13. Rc1 Qb8 14. Qd3 Ne4 15. Nxd7 Rxd7 16. Nxe4 dxe4 17. Bxe4 Rfd8 18. Bxb7 Qxb7 19. Qf3 Qa6 20. a3 Qb5 21. Rc4 Bf6 22. a4 Qd5 23. Qxd5 exd5 24. Rc2 Re7 25. Rf3 Rde8 26. Kf2 Re4 27. Rd3 h5 28. e3 g5 29. Rc6 Kg7 30. Rd6 h4 31. Rxd5 hxg3+ 32. hxg3 gxf4 33. gxf4 Bh4+ 34. Kf3 R4e6 35. Re5 Kh6 36. d5 Rxe5 37. Bxe5 Rg8 38. Bc7 Rg1 39. d6 Rc1 40. Bb8 a6 41. Bc7 b5 42. axb5 axb5 43. Ba5 f5 44. d7 Rc2 45. Rd6+ Kg7 46. e4 fxe4+ 47. Kxe4 1-0

[Event "Montcalm 5 2024-25"]
[Site "Quebec CAN"]
[Date "2025.03.06"]
[Round "3"]
[White "Laflamme, Simon"]
[Black "Berube, Antoine"]
[Result "0-1"]
[WhiteElo "1758"]
[BlackElo "2197"]
[WhiteFideId "-1"]
[WhiteFideId "-1"]
[PlyCount "88"]
[GameId "2153228012585052"]
[EventDate "2025.02.20"]
[EventType "swiss"]
[EventRounds "5"]
[EventCountry "CAN"]

1. d4 d5 2. c4 e6 3. Nc3 a6 4. cxd5 exd5 5. Bf4 Nf6 6. e3 c5 7. Nf3 c4 8. Be2 b5 9. O-O Bb7 10. Ne5 Be7 11. Bf3 O-O 12. Qc2 Nbd7 13. h3 Nb6 14. a3 h6 15. Bh2 Bd6 16. Rfe1 Re8 17. Re2 Qc7 18. Rae1 Re7 19. e4 dxe4 20. Nxe4 Nxe4 21. Bxe4 Bxe4 22. Rxe4 Rae8 23. Ng4 Bxh2+ 24. Nxh2 Nd5 25. Nf3 a5 26. Rxe7 Rxe7 27. Rxe7 Nxe7 28. Qd2 Nd5 29. Ne1 b4 30. axb4 axb4 31. Nc2 b3 32. Ne3 c3 33. bxc3 Qxc3 34. Qxc3 Nxc3 35. Nc4 Ne2+ 36. Kf1 Nxd4 37. Ke1 Ne6 38. Kd2 Nf4 39. Ne3 b2 40. Kc2 Nd3 41. Nd1 Ne1+ 42. Kxb2 Nxg2 43. f3 Ne1 44. f4 Nd3+ 0-1

[Event "Montcalm 5 2024-25"]
[Site "Quebec CAN"]
[Date "2025.03.06"]
[Round "3"]
[White "Mungroo, Dharmein"]
[Black "Mercure, Gilbert"]
[Result "0-1"]
[WhiteElo "1492"]
[BlackElo "1699"]
[WhiteFideId "-1"]
[WhiteFideId "-1"]
[PlyCount "116"]
[GameId "2153228012769381"]
[EventDate "2025.02.20"]
[EventType "swiss"]
[EventRounds "5"]
[EventCountry "CAN"]

1. f4 d5 2. Nf3 c5 3. b3 Nc6 4. Bb2 f6 5. e3 Bg4 6. Bb5 e6 7. O-O Bd6 8. Qe1 Qb6 9. c4 Bxf3 10. Rxf3 Nge7 11. cxd5 Qxb5 12. Nc3 Qa6 13. dxc6 Qxc6 14. Rc1 b5 15. Ne2 Qb6 16. Kh1 Rc8 17. Qg3 Kf7 18. Rcf1 Qa5 19. Nc3 b4 20. Ne4 Nf5 21. Qh3 Qxa2 22. Ba1 Qxb3 23. g4 Qd5 24. gxf5 Qxe4 25. fxe6+ Qxe6 26. Qg2 Qe4 27. Qg4 Rc7 28. Qh5+ g6 29. Qh4 Be7 30. Qg3 c4 31. f5 Rc6 32. fxg6+ hxg6 33. Kg1 c3 34. Rf4 Qe6 35. dxc3 bxc3 36. h4 Kg7 37. Qf3 Rc4 38. e4 Qe5 39. Rc1 Bd6 40. Rxf6 Rxh4 41. Bxc3 Bc5+ 42. Kf1 Rxc3 43. Rf7+ Kh6 44. Rxc3 Bd4 45. Rcc7 Qb5+ 46. Kg2 Qg5+ 47. Kf1 Qb5+ 48. Kg2 Qb2+ 49. Kf1 Qb1+ 50. Ke2 Rxe4+ 51. Kd2 Qe1+ 52. Kc2 Re2+ 53. Kd3 Re3+ 54. Kxd4 Qd2+ 55. Kc5 Qc3+ 56. Kd6 Qe5+ 57. Kc6 Rxf3 58. Rxf3 Qe4+ 0-1

[Event "Montcalm 5 2024-25"]
[Site "Quebec CAN"]
[Date "2025.03.06"]
[Round "3"]
[White "Perreault, Jacquelin"]
[Black "Fahmi, Adam"]
[Result "1-0"]
[WhiteElo "1783"]
[BlackElo "1614"]
[WhiteFideId "-1"]
[WhiteFideId "-1"]
[PlyCount "79"]
[GameId "2153228012716127"]
[EventDate "2025.02.20"]
[EventType "swiss"]
[EventRounds "5"]
[EventCountry "CAN"]

1. e4 c5 2. Nf3 Nc6 3. d4 cxd4 4. Nxd4 Nf6 5. Nc3 e5 6. Ndb5 d6 7. Bg5 a6 8. Na3 b5 9. Nd5 Be7 10. Nxe7 Nxe7 11. Bd3 Ng6 12. O-O O-O 13. Qf3 Be6 14. c4 b4 15. Nc2 a5 16. Ne3 h6 17. Bxf6 Qxf6 18. Qxf6 gxf6 19. g3 Ne7 20. Nd5 Nc6 21. Nxf6+ Kg7 22. Nd5 Bxd5 23. cxd5 Nd4 24. f4 f6 25. Rac1 Rac8 26. Kf2 a4 27. Ba6 Rc2+ 28. Rxc2 Nxc2 29. Rc1 b3 30. axb3 axb3 31. Bc4 Nd4 32. Ra1 Rf7 33. Ra3 Rb7 34. Ra6 Rc7 35. Bd3 Rc2+ 36. Bxc2 bxc2 37. Ra7+ Kf8 38. Rc7 Ke8 39. b4 Kd8 40. Rc4 1-0

[Event "Montcalm 5 2024-25"]
[Site "Quebec CAN"]
[Date "2025.03.06"]
[Round "3"]
[White "Pouliot, Lewis"]
[Black "Pepin, Pierre-Luc"]
[Result "1-0"]
[WhiteElo "1451"]
[BlackElo "1059"]
[WhiteFideId "-1"]
[WhiteFideId "-1"]
[PlyCount "25"]
[GameId "2153228012781674"]
[EventDate "2025.02.20"]
[EventType "swiss"]
[EventRounds "5"]
[EventCountry "CAN"]

1. Nf3 d5 2. d4 e6 3. a3 c6 4. Bg5 Be7 5. Bxe7 Qxe7 6. e3 Nf6 7. c4 b6 8. Nc3 Ba6 9. cxd5 Bxf1 10. Kxf1 cxd5 11. Rc1 O-O 12. g3 Rc8 13. Nxd5 1-0

[Event "Montcalm 5 2024-25"]
[Site "Quebec CAN"]
[Date "2025.03.06"]
[Round "3"]
[White "Sarra-Bournet, Marc"]
[Black "Miskic, Zdenko"]
[Result "0-1"]
[WhiteElo "1766"]
[BlackElo "1582"]
[WhiteFideId "-1"]
[WhiteFideId "-1"]
[PlyCount "122"]
[GameId "2153228012769379"]
[EventDate "2025.02.20"]
[EventType "swiss"]
[EventRounds "5"]
[EventCountry "CAN"]

1. e4 c6 2. d4 d5 3. Nc3 dxe4 4. Nxe4 Nf6 5. Nxf6+ exf6 6. Nf3 Bg4 7. Be2 Nd7 8. O-O Bd6 9. h3 Be6 10. c4 Bf5 11. Qb3 b6 12. Re1 O-O 13. Nh4 Bg6 14. Nxg6 hxg6 15. Bf3 Qc7 16. Be3 Rae8 17. Rac1 c5 18. Bd5 cxd4 19. Bxd4 Bc5 20. Bxc5 Qxc5 21. Qg3 Ne5 22. b3 Re7 23. Re3 Rfe8 24. Rce1 g5 25. Be4 g6 26. Bb1 Kg7 27. Rd1 Nc6 28. Rxe7 Rxe7 29. Kf1 Qb4 30. Qd3 Ne5 31. Qd2 Qc5 32. Be4 Nxc4 33. bxc4 Rxe4 34. Qd3 Rxc4 35. Qd6 Rc1 36. Qxc5 Rxd1+ 37. Ke2 bxc5 38. Kxd1 f5 39. Kd2 Kf6 40. Kd3 Ke5 41. Kc4 Kd6 42. a4 a6 43. g3 f6 44. f3 Kc6 45. g4 fxg4 46. hxg4 f5 47. Kc3 Kd5 48. Kd3 c4+ 49. Kc3 a5 50. Kc2 Kd4 51. Kd2 c3+ 52. Kc2 Kc4 53. Kc1 Kb4 54. Kb1 Kxa4 55. Kc2 Kb4 56. Kb1 Kc4 57. Kc2 a4 58. Kc1 Kd3 59. Kd1 a3 60. Kc1 fxg4 61. fxg4 a2 0-1

[Event "Montcalm 5 2024-25"]
[Site "Quebec CAN"]
[Date "2025.03.06"]
[Round "3"]
[White "Sauve, Richard"]
[Black "Gagnon, Alain"]
[Result "1-0"]
[WhiteElo "1851"]
[BlackElo "1627"]
[WhiteFideId "-1"]
[WhiteFideId "-1"]
[PlyCount "107"]
[GameId "2153228012716130"]
[EventDate "2025.02.20"]
[EventType "swiss"]
[EventRounds "5"]
[EventCountry "CAN"]

1. d4 Nf6 2. c4 g6 3. Nc3 d5 4. e3 Bg7 5. Nf3 O-O 6. Bd2 c6 7. Be2 Nbd7 8. O-O Re8 9. cxd5 cxd5 10. Qb3 e6 11. Rfc1 a6 12. a4 b6 13. Na2 Bb7 14. Nb4 Nb8 15. Rc2 a5 16. Na2 Ne4 17. Be1 Nd6 18. Rac1 Re7 19. Nc3 Na6 20. Nb5 Nxb5 21. Bxb5 Rc8 22. Bc6 Ba8 23. Qb5 Ra7 24. Bxa8 Raxa8 25. Rc6 Nb4 26. Bxb4 axb4 27. Qxb4 Rxc6 28. Rxc6 Qd7 29. Rxb6 Bf8 30. Rb8 Rxb8 31. Qxb8 Qxa4 32. g3 Qb4 33. Qxb4 Bxb4 34. Kf1 Kf8 35. Ke2 Ke7 36. Kd3 h6 37. Ne5 Bd6 38. f4 g5 39. Nf3 g4 40. Nd2 Bb4 41. Nf1 f5 42. Nd2 Bxd2 43. Kxd2 Kd6 44. Kc3 Kc6 45. Kb4 Kb6 46. Ka4 Ka6 47. b4 Kb6 48. b5 Kb7 49. Ka5 Ka7 50. b6+ Kb7 51. Kb5 h5 52. Kc5 Kb8 53. Kd6 Kb7 54. Kxe6 1-0

[Event "Montcalm 5 2024-25"]
[Site "Quebec CAN"]
[Date "2025.03.06"]
[Round "3"]
[White "Simard, Rejean"]
[Black "Gagne, Louis"]
[Result "0-1"]
[WhiteElo "1110"]
[BlackElo "1223"]
[WhiteFideId "-1"]
[WhiteFideId "-1"]
[PlyCount "130"]
[GameId "2153228012781675"]
[EventDate "2025.02.20"]
[EventType "swiss"]
[EventRounds "5"]
[EventCountry "CAN"]

1. d4 d6 2. Nf3 Nf6 3. Nc3 g6 4. e4 Bg7 5. Bd3 O-O 6. O-O Bg4 7. Be2 Nc6 8. Be3 e5 9. dxe5 Nxe5 10. Nxe5 Bxe2 11. Qxe2 dxe5 12. Rad1 Qe7 13. Rd3 Rfd8 14. Rfd1 Rd7 15. Rxd7 Nxd7 16. Nd5 Qd8 17. Rd3 c6 18. Nc3 Qc7 19. g3 b5 20. b4 Kf8 21. a3 Ke8 22. f3 a5 23. bxa5 Rxa5 24. Nd1 Bf8 25. Bc1 Qa7+ 26. Kg2 Bxa3 27. Bd2 b4 28. Ne3 Qa6 29. Kf2 Rc5 30. f4 Qa7 31. Kf3 Nb6 32. fxe5 Nc4 33. Nxc4 Rxc4 34. Bg5 Rd4 35. h3 Rxd3+ 36. Qxd3 Qd7 37. Qxd7+ Kxd7 38. Bd2 c5 39. Ke3 c4 40. Kd4 b3 41. cxb3 cxb3 42. Kc3 b2 43. Kc2 Ke6 44. Bc3 Kd7 45. Bxb2 Bxb2 46. Kxb2 Ke6 47. Kc3 Kxe5 48. Kd3 f6 49. Ke3 f5 50. exf5 Kxf5 51. Kf3 g5 52. Ke3 h5 53. Kf3 g4+ 54. hxg4+ hxg4+ 55. Kg2 Ke4 56. Kf2 Kd3 57. Kf1 Ke3 58. Kg2 Ke2 59. Kg1 Kf3 60. Kh2 Kf2 61. Kh1 Kxg3 62. Kg1 Kh3 63. Kh1 g3 64. Kg1 g2 65. Kf2 Kh2 0-1

[Event "Montcalm 5 2024-25"]
[Site "Quebec CAN"]
[Date "2025.03.06"]
[Round "3"]
[White "Tremblay, Noah"]
[Black "Lapierre, Gaetan"]
[Result "0-1"]
[WhiteElo "1581"]
[BlackElo "1690"]
[WhiteFideId "-1"]
[WhiteFideId "-1"]
[PlyCount "68"]
[GameId "2153228012769383"]
[EventDate "2025.02.20"]
[EventType "swiss"]
[EventRounds "5"]
[EventCountry "CAN"]

1. e4 c5 2. Nf3 d6 3. d4 cxd4 4. Nxd4 a6 5. Nc3 Nf6 6. Bd3 Nc6 7. Be3 Ng4 8. Nxc6 bxc6 9. Qd2 Nxe3 10. Qxe3 e6 11. O-O Be7 12. Rfd1 Bf6 13. f4 g5 14. f5 c5 15. Ne2 Bxb2 16. Rab1 Be5 17. Bc4 O-O 18. Rf1 exf5 19. exf5 Qf6 20. Qf3 Bd7 21. Rb7 Bb5 22. Rxf7 Bxc4 23. Rxf6 Bxf6 24. Rd1 Rae8 25. Nc3 Bd4+ 26. Kh1 Re3 27. Qg4 Rxc3 28. Qxg5+ Kh8 29. Re1 Rg8 30. Qe7 Rxc2 31. Qxd6 Rcxg2 32. h4 R2g4 33. Qe7 Bd5+ 34. Kh2 Rg2+ 0-1

[Event "Montcalm 5 2024-25"]
[Site "Quebec CAN"]
[Date "2025.03.06"]
[Round "3"]
[White "Yergeau, Samuel"]
[Black "Huxley, Zachary"]
[Result "1-0"]
[WhiteElo "1246"]
[BlackElo "1530"]
[WhiteFideId "-1"]
[WhiteFideId "-1"]
[PlyCount "47"]
[GameId "2153228012769384"]
[EventDate "2025.02.20"]
[EventType "swiss"]
[EventRounds "5"]
[EventCountry "CAN"]

1. e4 c5 2. c3 e5 3. d4 cxd4 4. cxd4 exd4 5. Qxd4 Nc6 6. Qd1 Nf6 7. Bg5 Be7 8. Nc3 Qa5 9. Bxf6 Bxf6 10. Nge2 O-O 11. g3 h5 12. Bg2 h4 13. O-O Rd8 14. Nd5 Bxb2 15. Rb1 Be5 16. Qb3 d6 17. f4 Nd4 18. Ne7+ Kf8 19. Ng6+ fxg6 20. fxe5+ Nf5 21. exf5 Bxf5 22. g4 Qxe5 23. gxf5 gxf5 24. Rxf5+ 1-0

[Event "Montcalm 5 2024-25"]
[Site "Quebec CAN"]
[Date "2025.03.13"]
[Round "4"]
[White "Berube, Antoine"]
[Black "Fecteau, Martin"]
[Result "1-0"]
[WhiteElo "2197"]
[BlackElo "1726"]
[WhiteFideId "-1"]
[WhiteFideId "-1"]
[PlyCount "64"]
[GameId "2157619029738403"]
[EventDate "2025.02.20"]
[EventType "swiss"]
[EventRounds "5"]
[EventCountry "CAN"]

1. d4 Nf6 2. c4 e6 3. Nf3 d5 4. g3 c6 5. Bg2 Bb4+ 6. Nbd2 O-O 7. O-O Nbd7 8. Qc2 a6 9. e4 dxe4 10. Nxe4 Nxe4 11. Qxe4 Be7 12. Rd1 Nf6 13. Qe2 Bd7 14. Ne5 Qe8 15. h4 Rd8 16. Bd2 b5 17. b3 Rc8 18. c5 Nd5 19. a4 f6 20. Nxd7 Qxd7 21. Re1 Kf7 22. Qh5+ Kg8 23. Qe2 Kf7 24. axb5 axb5 25. Ra7 Rc7 26. Rxc7 Nxc7 27. Qe4 Bxc5 28. Ba5 Bd6 29. Qxh7 Nd5 30. Bd2 f5 31. h5 Ke8 32. Qg6+ Rf7 1-0

[Event "Montcalm 5 2024-25"]
[Site "Quebec CAN"]
[Date "2025.03.13"]
[Round "4"]
[White "Bourassa, Louis"]
[Black "Perreault, Jacquelin"]
[Result "0-1"]
[WhiteElo "1486"]
[BlackElo "1783"]
[WhiteFideId "-1"]
[WhiteFideId "-1"]
[PlyCount "74"]
[GameId "2157619029738405"]
[EventDate "2025.02.20"]
[EventType "swiss"]
[EventRounds "5"]
[EventCountry "CAN"]

1. Nf3 c5 2. g3 Nc6 3. Bg2 Nf6 4. d4 cxd4 5. Nxd4 g6 6. b3 Bg7 7. Bb2 O-O 8. O-O a6 9. c4 Qc7 10. Nd2 d6 11. Qc2 Bd7 12. e4 Rac8 13. Ne2 Nb4 14. Qb1 b5 15. a3 Nc6 16. cxb5 axb5 17. a4 bxa4 18. bxa4 Rb8 19. Qc2 Rxb2 20. Qxb2 Nxe4 21. Qc2 Nxd2 22. Qxd2 Bxa1 23. Rxa1 Qa5 24. Qe3 Qe5 25. Qxe5 Nxe5 26. a5 Bc6 27. Nd4 Bxg2 28. Kxg2 Nc4 29. Nc6 e6 30. Kf3 Ra8 31. Ke4 Kf8 32. Kd4 d5 33. Kc5 Ke8 34. a6 Kd7 35. a7 Kc7 36. Rb1 Nd2 37. Ra1 Nb3+ 0-1